000 00380nam a2200133Ia 4500
008 231129s2018||||xx |||||||||||||| ||spa||
020 _a978-958-57260-9-3
082 _aCo863.6 A282m
100 _aAgudelo Duque Adalberto.
245 0 _aManizales al vuelo
260 _c2018
264 _aManizales: Manigraf Grupo Editorial
942 _2ddc
_cBKS
999 _c20294
_d20294